[Event "15th EUR-ch (w)"]
[Site "Plovdiv BUL"]
[Date "2014.07.11"]
[Round "6.42"]
[White "Galunova, Tsveta"]
[Black "Ionescu, Irina"]
[Result "1/2-1/2"]
[WhiteElo "2125"]
[BlackElo "2253"]
[EventDate "2014.07.06"]
[PlyCount "96"]

1.e4 g6 2.d4 Bg7 3.c4 Nc6 4.Be3 e5 5.Ne2 exd4 6.Nxd4 Qf6 7.Nxc6 Qxc6 8.Qc2
Nf6 9.Nc3 Ng4 10.Bg5 Bxc3+ 11.bxc3 d6 12.Rd1 Be6 13.Rd4 f6 14.Bc1 Ne5 15.
Qb3 a6 16.a4 O-O 17.Be2 Nd7 18.a5 f5 19.f3 fxe4 20.fxe4 Rae8 21.Bh6 Rf7 
22.Rf1 Rxf1+ 23.Kxf1 Bf7 24.Qb1 Re5 25.Qb4 Nc5 26.Bf4 Re8 27.Bf3 Qa4 28.
Bg3 Qa1+ 29.Rd1 Qa2 30.Rd4 Nb3 31.Rd1 Nd2+ 32.Kg1 Nxf3+ 33.gxf3 Qxc4 34.
Qxc4 Bxc4 35.Rb1 Bb5 36.c4 Bc6 37.Kf2 g5 38.h3 h5 39.c5 g4 40.hxg4 hxg4 
41.cxd6 cxd6 42.fxg4 Bxe4 43.Rb4 Rf8+ 44.Ke1 d5 45.Rxb7 Rf3 46.Be5 Ra3 47.
Rg7+ Kf8 48.Bd6+ Kxg7 1/2-1/2

[Event "15th EUR-ch (w)"]
[Site "Plovdiv BUL"]
[Date "2014.07.11"]
[Round "6.43"]
[White "Paramzina, Anastasia"]
[Black "Stetsko, Lanita"]
[Result "0-1"]
[WhiteElo "2117"]
[BlackElo "2245"]
[EventDate "2014.07.06"]
[PlyCount "42"]

1.e4 e5 2.Nf3 Nc6 3.Bb5 a6 4.Ba4 Nf6 5.O-O Be7 6.Re1 b5 7.Bb3 O-O 8.h3 Bb7
9.c3 d5 10.exd5 Nxd5 11.d4 exd4 12.Nxd4 Nxd4 13.Qxd4 c5 14.Qg4 f5 15.Qe2 
c4 16.Bc2 Bc5 17.Rd1 Qh4 18.b3 Rae8 19.Qf1 f4 20.bxc4 Ne3 21.fxe3 fxe3 0-1

[Event "15th EUR-ch (w)"]
[Site "Plovdiv BUL"]
[Date "2014.07.11"]
[Round "6.44"]
[White "Dordzhieva, Dinara"]
[Black "Ivanova, Simoneta"]
[Result "1-0"]
[WhiteElo "2225"]
[BlackElo "2038"]
[EventDate "2014.07.06"]
[PlyCount "41"]

1.Nf3 d5 2.c4 d4 3.b4 f6 4.e3 c5 5.exd4 cxd4 6.c5 e5 7.Bc4 Nh6 8.d3 g6 9.
Qb3 Qc7 10.O-O a5 11.Na3 axb4 12.Nb5 Qxc5 13.Nfxd4 exd4 14.Bf4 Na6 15.Rac1
Qf5 16.Bxh6 Nc5 17.Qb2 Bxh6 18.Nd6+ Kf8 19.Nxf5 Bxc1 20.Qxd4 Bxf5 21.Qxf6+
1-0

[Event "15th EUR-ch (w)"]
[Site "Plovdiv BUL"]
[Date "2014.07.11"]
[Round "6.45"]
[White "Sargsian, Shushanna"]
[Black "Stiazhkina, Anna"]
[Result "0-1"]
[WhiteElo "2107"]
[BlackElo "2220"]
[EventDate "2014.07.06"]
[PlyCount "220"]

1.c4 e5 2.Nc3 Nf6 3.g3 d5 4.cxd5 Nxd5 5.Bg2 Nb6 6.d3 Nc6 7.Nf3 Be7 8.O-O 
O-O 9.b3 Be6 10.Bb2 f6 11.Rc1 Qd7 12.Re1 Rfd8 13.Nd2 a5 14.Nc4 Nd5 15.Ne3 
Nxc3 16.Bxc3 a4 17.bxa4 Bxa2 18.a5 Be6 19.Qa4 Rdb8 20.Bd2 Ra6 21.Rb1 Nxa5 
22.Qxd7 Bxd7 23.Bxa5 Rxa5 24.Rxb7 Rxb7 25.Bxb7 Bc5 26.Nc4 Ra7 27.Bd5+ Kf8 
28.Kg2 g5 29.Rb1 c6 30.Rb8+ Ke7 31.Bg8 h5 32.Nb6 Bd6 33.Nc8+ Bxc8 34.Rxc8 
Kd7 35.Be6+ Kxe6 36.Rxc6 Ra2 37.Kf1 Ra1+ 38.Kg2 Re1 39.Rc2 Kd5 40.Ra2 f5 
41.Ra5+ Ke6 42.Ra2 f4 43.gxf4 gxf4 44.Rc2 Kf5 45.Ra2 Bc5 46.Rc2 Bd4 47.Ra2
Ra1 48.Rc2 Kg5 49.Rc7 Kh4 50.Rc4 Re1 51.Rc2 Kg4 52.Ra2 Ra1 53.Rc2 Re1 54.
Ra2 f3+ 55.exf3+ Kf4 56.h4 Ra1 57.Re2 Ra3 58.Rc2 Rxd3 59.Rc8 Kf5 60.Rf8+ 
Kg6 61.f4 e4 62.f5+ Kg7 63.Re8 Kf6 64.Rxe4 Kxf5 65.Re8 Rd2 66.Rf8+ Kg4 67.
Rf3 Kxh4 68.Rh3+ Kg4 69.Rg3+ Kf4 70.Rf3+ Ke4 71.Rf8 h4 72.Rf7 Ra2 73.Rf8 
Ra6 74.Re8+ Kf5 75.Rf8+ Bf6 76.Re8 Ra2 77.Rb8 Bg5 78.Rb5+ Kg4 79.Rb3 Bf4 
80.Rc3 Bg3 81.Rc4+ Kf5 82.Rc5+ Ke4 83.Rc4+ Kd5 84.Rb4 Rxf2+ 85.Kh3 Rf8 86.
Ra4 Ke5 87.Ra5+ Kf4 88.Ra4+ Kf5 89.Ra5+ Be5 90.Ra4 Bf6 91.Ra5+ Kg6 92.Ra2 
Rb8 93.Ra3 Kf5 94.Rf3+ Kg5 95.Re3 Rb2 96.Re5+ Kg6 97.Re3 Bg5 98.Rf3 Re2 
99.Rb3 Bf6 100.Rf3 Re1 101.Ra3 Kg5 102.Rf3 Be5 103.Ra3 Rh1+ 104.Kg2 Rh2+ 
105.Kg1 Rd2 106.Rb3 Kg4 107.Rb4+ Bd4+ 108.Kh1 Kf3 109.Rb3+ Be3 110.Rb1 Kg3
0-1

[Event "15th EUR-ch (w)"]
[Site "Plovdiv BUL"]
[Date "2014.07.11"]
[Round "6.46"]
[White "Avramidou, Anastasia"]
[Black "Pavlidou, Ekaterini"]
[Result "1/2-1/2"]
[WhiteElo "2007"]
[BlackElo "2209"]
[EventDate "2014.07.06"]
[PlyCount "48"]

1.e4 c5 2.Nf3 Nc6 3.d4 cxd4 4.Nxd4 Nf6 5.Nc3 d6 6.Bg5 g6 7.Bb5 Bd7 8.Bxf6 
exf6 9.Qd2 Bg7 10.O-O-O O-O 11.Nxc6 Bxc6 12.Qxd6 Qb6 13.Bxc6 bxc6 14.Qd4 
f5 15.e5 Qxd4 16.Rxd4 Bxe5 17.Rc4 Rac8 18.f4 Bxc3 19.Rxc3 Rfe8 20.Rd1 Re2 
21.Rd2 Re1+ 22.Rd1 Re2 23.Rd2 Re1+ 24.Rd1 Re2 1/2-1/2

[Event "15th EUR-ch (w)"]
[Site "Plovdiv BUL"]
[Date "2014.07.11"]
[Round "6.47"]
[White "Shabanaj, Eglantina"]
[Black "Dragomirescu, Angela"]
[Result "1/2-1/2"]
[WhiteElo "2046"]
[BlackElo "2251"]
[EventDate "2014.07.06"]
[PlyCount "107"]

1.e4 d6 2.d4 Nf6 3.Nc3 e5 4.Nf3 Nbd7 5.Be2 Be7 6.O-O O-O 7.h3 c6 8.Be3 b5 
9.a3 a6 10.Nh2 Bb7 11.f3 Re8 12.Qd2 Qc7 13.Ng4 Rad8 14.Rad1 Nf8 15.Nxf6+ 
Bxf6 16.d5 c5 17.Na2 Nd7 18.c4 bxc4 19.Bxc4 Nb6 20.Qa5 Nxd5 21.Qe1 Nxe3 
22.Qxe3 d5 23.exd5 e4 24.Kh1 Bd4 25.Qb3 e3 26.Nc1 Rb8 27.Qa2 Bc8 28.b4 Rb6
29.g4 Be5 30.Ne2 Bd6 31.bxc5 Bxc5 32.Rc1 Qd6 33.Rc3 Bb7 34.Kg2 Ba8 35.Ng3 
Bd4 36.Nf5 Qe5 37.Nxd4 Qxd4 38.Qc2 g6 39.Qd3 Rb2+ 40.Kg3 Qe5+ 41.f4 Qd6 
42.Qd4 Rd2 43.Rd3 Rxd3 44.Qxd3 g5 45.Qf5 e2 46.Qxg5+ Kh8 47.Re1 Qxa3+ 48.
Kh4 Qc3 49.Kh5 Qxh3+ 50.Qh4 Qxh4+ 51.Kxh4 Re4 52.Rxe2 Bxd5 53.Rxe4 Bxe4 
54.Bxa6 1/2-1/2

[Event "15th EUR-ch (w)"]
[Site "Plovdiv BUL"]
[Date "2014.07.11"]
[Round "6.48"]
[White "Tsolakidou, Stavroula"]
[Black "Azimova, Karina"]
[Result "1/2-1/2"]
[WhiteElo "2157"]
[BlackElo "2033"]
[EventDate "2014.07.06"]
[PlyCount "211"]

1.e4 Nf6 2.e5 Nd5 3.d4 d6 4.c4 Nb6 5.exd6 cxd6 6.Nc3 g6 7.Be3 Bg7 8.Rc1 
O-O 9.b3 Be6 10.Be2 d5 11.c5 N6d7 12.Bf3 Nf6 13.Nge2 Ng4 14.Bf4 Nc6 15.O-O
Nh6 16.Be3 Nf5 17.Nf4 Ncxd4 18.Nfxd5 Nxf3+ 19.Qxf3 Nxe3 20.fxe3 Rc8 21.b4 
Bxd5 22.Nxd5 e6 23.Nf4 Qd2 24.a3 Qb2 25.Qxb7 Qxa3 26.Qe4 a5 27.Nd3 axb4 
28.Nxb4 Bh6 29.Nd3 Rfd8 30.Rcd1 Rd5 31.Kh1 Rcd8 32.Qf3 Rf5 33.Qe2 Rxf1+ 
34.Qxf1 Bxe3 35.c6 Bb6 36.h4 Bc7 37.Qf3 Qd6 38.Kg1 Qh2+ 39.Kf1 Qxh4 40.Ke2
Qc4 41.Rc1 Qa2+ 42.Kf1 Qd2 43.Rd1 Qc3 44.Kg1 Rd6 45.Rf1 f5 46.Rd1 Qxc6 47.
Qe2 Qc4 48.Qf3 Qd5 49.Qe2 Bb6+ 50.Kf1 Qd4 51.Qf3 Rd8 52.Qc6 Qg1+ 53.Ke2 
Qe3+ 54.Kf1 Kg7 55.Qc3+ Qd4 56.Qxd4+ Rxd4 57.Ke2 Kf6 58.Rb1 Re4+ 59.Kf1 
Be3 60.Rb7 h5 61.Ne1 g5 62.Rh7 Kg6 63.Rd7 g4 64.Nc2 Rf4+ 65.Ke1 Bc5 66.Rc7
Bb6 67.Rc6 Ba5+ 68.Ke2 Re4+ 69.Kd3 Kg5 70.Nd4 e5 71.Ne6+ Kh4 72.Ng7 Rd4+ 
73.Ke2 Rd2+ 74.Ke3 f4+ 75.Ke4 Kg3 76.Kxe5 Kxg2 77.Kxf4 Rd4+ 78.Ke5 Rb4 79.
Nxh5 Rb5+ 80.Kf4 Rxh5 81.Kxg4 Rh8 82.Rc2+ Kf1 83.Kf3 Rh3+ 84.Kg4 Re3 85.
Kf4 Bb6 86.Rb2 Re6 87.Kf3 Rf6+ 88.Ke4 Bf2 89.Ke5 Ra6 90.Ke4 Kg2 91.Rb3 
Ra4+ 92.Kf5 Bg3 93.Re3 Kh3 94.Re4 Ra5+ 95.Ke6 Kg2 96.Re3 Bf4 97.Rd3 Kf2 
98.Rd5 Ra6+ 99.Kf5 Kf3 100.Rd3+ Be3 101.Rd5 Ra4 102.Rb5 Rf4+ 103.Ke5 Kg4 
104.Rb3 Bd4+ 105.Kd5 Kf5 106.Rb4 1/2-1/2

[Event "15th EUR-ch (w)"]
[Site "Plovdiv BUL"]
[Date "2014.07.11"]
[Round "6.49"]
[White "Kaya, Emel"]
[Black "Yordanova, Svetla"]
[Result "1/2-1/2"]
[WhiteElo "1987"]
[BlackElo "2101"]
[EventDate "2014.07.06"]
[PlyCount "189"]

1.e4 g6 2.d4 Bg7 3.Nf3 c6 4.c4 d6 5.Nc3 Nf6 6.Be2 O-O 7.O-O Na6 8.b3 c5 9.
Rb1 cxd4 10.Nxd4 Nc5 11.f3 a5 12.Be3 Bd7 13.Qd2 Rc8 14.Rfd1 h5 15.Ndb5 Be6
16.e5 Nfd7 17.exd6 Bf5 18.Rbc1 e6 19.Bh6 Qb6 20.Kh1 f6 21.Be3 Qd8 22.Nd4 
Kh7 23.Nxf5 gxf5 24.Nb5 b6 25.Na7 Ra8 26.Nc6 Qe8 27.Bxc5 bxc5 28.f4 e5 29.
Qd3 Qe6 30.Ne7 exf4 31.Bxh5 Ne5 32.Qxf5+ Qxf5 33.Nxf5 Rfd8 34.Rd5 a4 35.
Ne7 axb3 36.axb3 Ra3 37.Rcd1 Rxb3 38.Rxc5 Kh6 39.Bf3 Bf8 40.Nf5+ Kg6 41.
Nd4 Re3 42.Nc2 Rc3 43.Be4+ Kh6 44.Nd4 Rxc4 45.Nf5+ Kg5 46.Rxc4 Nxc4 47.Rd5
Ne5 48.h4+ Kg4 49.Kg1 Ra8 50.d7 Rd8 51.Nd4 Kxh4 52.Bf5 Be7 53.Bh3 Ba3 54.
Kf1 Bb2 55.Nb3 f3 56.Be6 fxg2+ 57.Kxg2 Nxd7 58.Bxd7 Rg8+ 59.Kf2 Be5 60.Nc5
Ra8 61.Nd3 Ra2+ 62.Kf3 Ra3 63.Ke4 Bc7 64.Rf5 Bd8 65.Nf4 Ra5 66.Ng6+ Kg3 
67.Rf3+ Kh2 68.Rh3+ Kg1 69.Rd3 Kf2 70.Rb3 Bc7 71.Bb5 Ra1 72.Rf3+ Kg1 73.
Nh4 Re1+ 74.Kd3 Rb1 75.Bc4 Be5 76.Re3 Kf2 77.Rf3+ Kg1 78.Be6 Rb6 79.Bd5 
Rb4 80.Nf5 Rb5 81.Bc4 Rb2 82.Ke3 Rb4 83.Bd3 Bc7 84.Ke2 Rb2+ 85.Ke3 Bb6+ 
86.Kf4 Rf2 87.Ke4 Rxf3 88.Kxf3 Bc7 89.Ne3 Bb8 90.Nd1 Ba7 91.Be2 Kh2 92.Bf1
Kg1 93.Bg2 Bd4 94.Kg3 Be5+ 95.Kf3 1/2-1/2

[Event "15th EUR-ch (w)"]
[Site "Plovdiv BUL"]
[Date "2014.07.11"]
[Round "6.50"]
[White "Litvinenko, Ekaterina"]
[Black "Vovk, Oksana"]
[Result "1-0"]
[WhiteElo "1978"]
[BlackElo "2083"]
[EventDate "2014.07.06"]
[PlyCount "105"]

1.e4 e6 2.d4 d5 3.e5 c5 4.c3 Qb6 5.Nf3 Nc6 6.a3 c4 7.g3 Na5 8.Nbd2 Bd7 9.
Bh3 O-O-O 10.Ng5 Nh6 11.O-O f6 12.Ngf3 Nf7 13.Re1 Rg8 14.exf6 gxf6 15.Rb1 
Re8 16.Qc2 f5 17.Bxf5 exf5 18.Rxe8+ Bxe8 19.Qxf5+ Kb8 20.Qxd5 Qb5 21.Qxb5 
Bxb5 22.Ne4 Bc6 23.Bf4+ Kc8 24.d5 Bxd5 25.Nf6 Bxf3 26.Nxg8 Kd8 27.Re1 Bc6 
28.Nf6 h6 29.h4 Nb3 30.Ne4 Nc5 31.Nxc5 Bxc5 32.Be3 Bxe3 33.Rxe3 Kd7 34.f4 
h5 35.Kf2 Nh6 36.Re1 Ng4+ 37.Ke2 Ke6 38.Rd1 Bd5 39.Rd4 Nf6 40.Ke3 Kf5 41.
Rd2 Kg4 42.Kd4 Bc6 43.Ke5 Ne4 44.Rd4 Kxg3 45.Rxe4 Bxe4 46.Kxe4 Kxh4 47.f5 
Kg5 48.Ke5 h4 49.f6 h3 50.f7 h2 51.f8=Q h1=Q 52.Qg7+ Kh4 53.Qh6+ 1-0

[Event "15th EUR-ch (w)"]
[Site "Plovdiv BUL"]
[Date "2014.07.11"]
[Round "6.51"]
[White "Sazonova, Anastasia"]
[Black "Salimova, Nurgyul"]
[Result "0-1"]
[WhiteElo "2082"]
[BlackElo "1908"]
[EventDate "2014.07.06"]
[PlyCount "118"]

1.e4 c6 2.d4 d5 3.Nc3 dxe4 4.Nxe4 Bf5 5.Ng3 Bg6 6.h4 h6 7.Nf3 e6 8.Ne5 Bh7
9.Bd3 Bxd3 10.Qxd3 Nd7 11.f4 Bb4+ 12.c3 Be7 13.h5 Ngf6 14.Be3 O-O 15.O-O-O
a5 16.Qe2 Nd5 17.Bd2 a4 18.a3 Nxe5 19.dxe5 b5 20.f5 exf5 21.Nxf5 Bg5 22.
Qg4 Bxd2+ 23.Rxd2 Qg5 24.Qxg5 hxg5 25.h6 g6 26.Nd6 Nf4 27.g3 Ne6 28.Rf2 
Ra7 29.Rf6 Nc5 30.Kc2 Re7 31.Rhf1 Nd7 32.h7+ Kxh7 33.Rxf7+ Rexf7 34.Rxf7+ 
Rxf7 35.Nxf7 Kg7 36.e6 Nc5 37.Nd8 Kf6 38.Kd2 Ne4+ 39.Ke3 Nxg3 40.Nxc6 Nf5+
41.Kf3 Kxe6 42.Nb4 Nd6 43.Nd3 Kd5 44.Kg4 Kc4 45.Nc1 Ne4 46.Kf3 Nc5 47.Ke3 
g4 48.Ke2 g3 49.Kf3 Nd3 50.Ne2 Nxb2 51.Kxg3 Nd1 52.Nf4 Nxc3 53.Nxg6 Nb1 
54.Kf3 Nxa3 55.Ke3 b4 56.Kd2 b3 57.Ne5+ Kd4 58.Nc6+ Kc5 59.Ne5 Nc4+ 0-1

[Event "15th EUR-ch (w)"]
[Site "Plovdiv BUL"]
[Date "2014.07.11"]
[Round "6.52"]
[White "Amrayeva, Aytan"]
[Black "Radeva, Viktoria"]
[Result "1-0"]
[WhiteElo "2065"]
[BlackElo "1937"]
[EventDate "2014.07.06"]
[PlyCount "173"]

1.c4 Nf6 2.Nc3 g6 3.g3 Bg7 4.Bg2 O-O 5.d3 d6 6.e4 e5 7.Nge2 Nc6 8.O-O Ne8 
9.Be3 Kh8 10.Rb1 Ne7 11.d4 exd4 12.Bxd4 f5 13.c5 fxe4 14.Bxg7+ Nxg7 15.
cxd6 cxd6 16.Bxe4 Qb6 17.Qd4 Qxd4 18.Nxd4 Ngf5 19.Rfd1 Rd8 20.Ndb5 a6 21.
Nc7 Ra7 22.Rd2 b5 23.N7d5 Be6 24.Rbd1 Nxd5 25.Nxd5 Ne7 26.a3 Nxd5 27.Bxd5 
Bxd5 28.Rxd5 Rad7 29.Rc1 Re8 30.Rc6 Re5 31.Rdxd6 Rxd6 32.Rxd6 a5 33.Ra6 a4
34.Rb6 Kg7 35.Kg2 Rd5 36.h4 h5 37.Kf1 Re5 38.Rc6 Kf7 39.Rc3 Kf6 40.Rf3+ 
Kg7 41.Rd3 Kf6 42.f3 Ke6 43.Kf2 Rc5 44.Ke3 Ke5 45.Rc3 Rd5 46.g4 Kf6 47.
Rc6+ Kg7 48.Rc2 Kf6 49.Ke4 Re5+ 50.Kd4 Re1 51.Rc6+ Kf7 52.gxh5 gxh5 53.Rc5
b4 54.axb4 Re2 55.Kc3 Re3+ 56.Kc2 Rxf3 57.Rxh5 Rf4 58.Kc3 Ke6 59.Ra5 Rxh4 
60.Rxa4 Kd5 61.Ra5+ Kc6 62.Rc5+ Kb6 63.Rd5 Rg4 64.Kb3 Rh4 65.Rg5 Rf4 66.
Ka4 Rf6 67.Rg8 Rh6 68.b5 Rh4+ 69.b4 Rh6 70.Rc8 Kb7 71.Rc3 Rg6 72.Ka5 Rh6 
73.Rg3 Rh7 74.Rg5 Rh1 75.Rg7+ Kb8 76.Ka6 Rh8 77.b6 Rf8 78.b5 Rh8 79.Rb7+ 
Ka8 80.Rc7 Kb8 81.Rf7 Rg8 82.Rf6 Rh8 83.b7 Re8 84.Rc6 Rf8 85.Rc8+ Rxc8 86.
bxc8=Q+ Kxc8 87.Ka7 1-0

[Event "15th EUR-ch (w)"]
[Site "Plovdiv BUL"]
[Date "2014.07.11"]
[Round "6.53"]
[White "Antova, Gabriela"]
[Black "Bokuchava, Madona"]
[Result "1-0"]
[WhiteElo "1876"]
[BlackElo "2027"]
[EventDate "2014.07.06"]
[PlyCount "101"]

1.e4 Nc6 2.d4 d5 3.e5 Bf5 4.Nf3 Qd7 5.Nc3 Nb4 6.Bb5 Nxc2+ 7.Qxc2 Bxc2 8.
Bxd7+ Kxd7 9.Nxd5 e6 10.Nc3 c6 11.Be3 Ne7 12.O-O Nd5 13.Nxd5 cxd5 14.Ng5 
f6 15.Nf3 Be7 16.Rac1 Rac8 17.Bd2 Be4 18.Bf4 Bxf3 19.gxf3 g5 20.Be3 fxe5 
21.dxe5 b6 22.Kg2 Rhf8 23.Kg3 Bc5 24.Bxg5 Bd4 25.f4 Bxb2 26.Rxc8 Rxc8 27.
Rd1 Rc4 28.Bf6 d4 29.Kg4 Rc2 30.Bh4 Rc5 31.Bg3 Rd5 32.Rd3 b5 33.f5 Ke7 34.
f4 b4 35.fxe6 Bc1 36.f5 h6 37.Bf2 h5+ 38.Kxh5 Rxe5 39.Kg6 Be3 40.Bh4+ Ke8 
41.Bf6 Re4 42.h4 a5 43.Bg5 a4 44.Kg7 Bf4 45.f6 Be5 46.e7 Re2 47.Rf3 a3 48.
Kg8 Bxf6 49.Rxf6 Kd7 50.Rf8 b3 51.Rd8+ 1-0

[Event "15th EUR-ch (w)"]
[Site "Plovdiv BUL"]
[Date "2014.07.11"]
[Round "6.54"]
[White "Mammadova, Narmin"]
[Black "Shivacheva, Donika"]
[Result "1-0"]
[WhiteElo "2019"]
[BlackElo "1790"]
[EventDate "2014.07.06"]
[PlyCount "91"]

1.e4 e5 2.Nf3 Nc6 3.Nc3 g6 4.d4 exd4 5.Nxd4 Bg7 6.Nxc6 bxc6 7.Bd3 d6 8.O-O
Ne7 9.f4 d5 10.Qf3 Qd6 11.Kh1 O-O 12.Bd2 Rb8 13.Rab1 d4 14.Ne2 c5 15.b3 
Bb7 16.Qh3 f5 17.Ng3 fxe4 18.Nxe4 Bxe4 19.Bxe4 Nf5 20.Rbe1 Rbe8 21.Qf3 Ne7
22.Qd3 Bh6 23.g3 Nd5 24.Qc4 c6 25.b4 Qd7 26.Qxc5 Bg7 27.b5 Rxe4 28.Rxe4 
cxb5 29.Rfe1 Qb7 30.Kg1 Ne3 31.Qe7 Qxe7 32.Rxe7 Nxc2 33.Rc1 d3 34.Kg2 a6 
35.Kf3 Rd8 36.Ra7 Rd6 37.Rb1 Na3 38.Bb4 Nxb1 39.Bxd6 d2 40.Ke2 Bc3 41.Be5 
Bb4 42.Rxa6 Na3 43.Bd6 Bxd6 44.Rxd6 Nc4 45.Rd5 d1=Q+ 46.Rxd1 1-0

[Event "15th EUR-ch (w)"]
[Site "Plovdiv BUL"]
[Date "2014.07.11"]
[Round "6.55"]
[White "Soyunlu, Narmin"]
[Black "Sop, Selen"]
[Result "1/2-1/2"]
[WhiteElo "1936"]
[BlackElo "1970"]
[EventDate "2014.07.06"]
[PlyCount "60"]

1.Nf3 d5 2.g3 c5 3.c4 d4 4.e3 Nc6 5.exd4 Nxd4 6.Bg2 Bg4 7.h3 Bxf3 8.Bxf3 
Nxf3+ 9.Qxf3 Rb8 10.O-O Nf6 11.d3 e5 12.Re1 Bd6 13.Bg5 h6 14.Bxf6 Qxf6 15.
Qxf6 gxf6 16.Nc3 Kd7 17.Nd5 Ke6 18.a4 h5 19.h4 f5 20.Kg2 f6 21.a5 a6 22.
Kf3 Kf7 23.Ra3 Rhc8 24.Rb1 Ke6 25.Nb6 Rc6 26.Nd5 Rcc8 27.Rb3 Bc7 28.Ra3 
Bd6 29.Rb3 Bc7 30.Ra3 Bd6 1/2-1/2

[Event "15th EUR-ch (w)"]
[Site "Plovdiv BUL"]
[Date "2014.07.11"]
[Round "6.56"]
[White "Olea, Liliana"]
[Black "Brezalieva, Steliyana"]
[Result "1-0"]
[WhiteElo "1951"]
[BlackElo "1456"]
[EventDate "2014.07.06"]
[PlyCount "59"]

1.e4 c5 2.Nc3 Nc6 3.f4 g6 4.Nf3 Bg7 5.Bb5 Nd4 6.a4 Nxb5 7.axb5 b6 8.O-O 
Bb7 9.d3 e6 10.Qe1 Ne7 11.Bd2 O-O 12.Qh4 d5 13.Rae1 d4 14.Ne2 Nc8 15.Qh3 
Nd6 16.f5 exf5 17.Bh6 f6 18.Nf4 Bc8 19.e5 fxe5 20.Nxe5 Bxh6 21.Qxh6 Nf7 
22.Nxf7 Rxf7 23.Nxg6 hxg6 24.Qxg6+ Kf8 25.Qh6+ Rg7 26.Qh8+ Rg8 27.Qh6+ Rg7
28.Rf3 Qc7 29.Qf6+ Kg8 30.Re8+ 1-0

[Event "15th EUR-ch (w)"]
[Site "Plovdiv BUL"]
[Date "2014.07.11"]
[Round "6.57"]
[White "Vasileva, Cveta"]
[Black "Vasova, Maria"]
[Result "0-1"]
[WhiteElo "1598"]
[BlackElo "1991"]
[EventDate "2014.07.06"]
[PlyCount "106"]

1.d4 Nf6 2.c4 g6 3.Nc3 Bg7 4.e4 d6 5.Bd3 O-O 6.f4 e5 7.Nf3 exd4 8.Nxd4 
Nbd7 9.O-O Nc5 10.Bc2 Re8 11.Re1 a5 12.h3 c6 13.a3 Qb6 14.Kh2 Ncxe4 15.Rb1
Bd7 16.Nf3 Nxc3 17.Rxe8+ Rxe8 18.bxc3 Qc7 19.Nd2 d5 20.Qf3 dxc4 21.Nxc4 
Nd5 22.Bd2 Bc8 23.Kh1 Qd8 24.Be4 b5 25.Nb2 Rxe4 26.Qxe4 Bf5 27.Qe1 Bxb1 
28.Qxb1 Nxc3 29.Qc2 Qd4 30.Nd3 Ne2 31.Qb1 a4 32.Bb4 Qa1 33.Qxa1 Bxa1 34.g3
Nxg3+ 35.Kg2 Ne4 36.Kf3 f5 37.Ke2 Kf7 38.Kd1 Ke6 39.Kc2 Kd5 40.Bf8 c5 41.
Kb1 Bd4 42.Kc2 Nf2 43.Nxf2 Bxf2 44.Kd3 Bd4 45.Be7 Bb2 46.Kc2 Bxa3 47.Kb1 
b4 48.Kc2 b3+ 49.Kb1 Bb4 50.Kb2 Bd2 51.Bg5 c4 52.Ka3 Bc1+ 53.Kxa4 b2 0-1

[Event "15th EUR-ch (w)"]
[Site "Plovdiv BUL"]
[Date "2014.07.11"]
[Round "6.58"]
[White "Krasteva, Beloslava"]
[Black "Balimezova, Margarita"]
[Result "1/2-1/2"]
[WhiteElo "1361"]
[BlackElo "1631"]
[EventDate "2014.07.06"]
[PlyCount "95"]

1.e4 e6 2.d4 d5 3.e5 c5 4.c3 Nc6 5.Nf3 Bd7 6.Be2 f6 7.O-O Nh6 8.Nbd2 Nf7 
9.Re1 Qc7 10.Bd3 O-O-O 11.Qe2 cxd4 12.cxd4 Nb4 13.Nb3 Nxd3 14.Qxd3 fxe5 
15.dxe5 Kb8 16.Be3 Qc4 17.Qxc4 dxc4 18.Nbd4 Bb4 19.Rec1 Rc8 20.a3 Ba5 21.
h3 Ka8 22.a4 a6 23.Rc2 Rc7 24.Ng5 Nxg5 25.Bxg5 Bb4 26.Be3 Kb8 27.Bd2 Bxd2 
28.Rxd2 Re8 29.a5 c3 30.bxc3 Rxc3 31.Nf5 exf5 32.Rxd7 Rxe5 33.Rxg7 Rc7 34.
Rxc7 Kxc7 35.g4 fxg4 36.hxg4 Rg5 37.f3 h5 38.Ra4 b6 39.axb6+ Kxb6 40.Kg2 
hxg4 41.fxg4 Kb5 42.Re4 a5 43.Kf3 a4 44.Kf4 Rg8 45.Re5+ Kb4 46.Re4+ Kb3 
47.Re3+ Kb2 48.Re2+ 1/2-1/2

[Event "15th EUR-ch (w)"]
[Site "Plovdiv BUL"]
[Date "2014.07.12"]
[Round "7.1"]
[White "Zhukova, Natalia"]
[Black "Gunina, Valentina"]
[Result "0-1"]
[WhiteElo "2451"]
[BlackElo "2501"]
[EventDate "2014.07.06"]
[PlyCount "92"]

1.d4 d5 2.c4 c6 3.Nf3 Nf6 4.e3 Bf5 5.Nc3 e6 6.Nh4 Bg6 7.Nxg6 hxg6 8.Bd3 
Nbd7 9.O-O Be7 10.h3 O-O 11.Qc2 Rc8 12.Rd1 Qc7 13.Bd2 a6 14.Rac1 dxc4 15.
Bxc4 c5 16.dxc5 Nxc5 17.a3 b5 18.Be2 Qb8 19.Be1 Bd6 20.b4 Nce4 21.Bf3 Rc4 
22.Qb1 Nxc3 23.Bxc3 Rfc8 24.Bb2 Bh2+ 25.Kh1 Be5 26.Kg1 Bc3 27.Bxc3 Rxc3 
28.Rd8+ Rxd8 29.Rxc3 Nd7 30.Qe4 Ne5 31.g3 f5 32.Qb7 Qd6 33.Kg2 Nc4 34.Qc6 
Qe5 35.Rc2 Kh7 36.Qxa6 Nd2 37.Bc6 Rd5 38.Rxd2 Rxd2 39.Qxb5 Qxe3 40.Qf1 
Qxa3 41.Qc4 Qb2 42.Qc5 Rc2 43.Qb6 Qe5 44.b5 Qe1 45.Qd4 Rd2 46.Qf4 Rd1 0-1

[Event "15th EUR-ch (w)"]
[Site "Plovdiv BUL"]
[Date "2014.07.12"]
[Round "7.2"]
[White "Javakhishvili, Lela"]
[Black "Muzychuk, Maria"]
[Result "1-0"]
[WhiteElo "2474"]
[BlackElo "2521"]
[EventDate "2014.07.06"]
[PlyCount "105"]

1.c4 Nf6 2.Nf3 e6 3.g3 d5 4.d4 Be7 5.Bg2 O-O 6.O-O dxc4 7.Ne5 Nc6 8.Bxc6 
bxc6 9.Nxc6 Qe8 10.Nxe7+ Qxe7 11.Qc2 c5 12.Qxc4 cxd4 13.Qxd4 e5 14.Qh4 Qe6
15.Bg5 Nd5 16.e4 Nb6 17.Nc3 Bb7 18.b3 f5 19.Be3 f4 20.gxf4 exf4 21.Bxb6 
Qxb6 22.Qh5 Rac8 23.Rac1 Qb4 24.Qb5 Qe7 25.f3 Rc5 26.Qe2 Qc7 27.Qb2 Rc8 
28.Nb5 Qb6 29.Rxc5 Qxc5+ 30.Nd4 Rd8 31.Rd1 a5 32.a3 Ba6 33.b4 Qc4 34.bxa5 
h6 35.h3 Kh7 36.Kh2 Rc8 37.Rd2 Rc7 38.Rc2 Qf7 39.Rxc7 Qxc7 40.Ne6 Qe7 41.
Nxf4 Qc7 42.e5 Qxa5 43.Qc2+ Kg8 44.Qb3+ Kh7 45.Qe3 Qa4 46.e6 Qc2+ 47.Kg3 
Bb5 48.e7 Qc6 49.Qe4+ Kg8 50.Qxc6 Bxc6 51.Ne6 g5 52.Nc7 Kf7 53.e8=Q+ 1-0

[Event "15th EUR-ch (w)"]
[Site "Plovdiv BUL"]
[Date "2014.07.12"]
[Round "7.3"]
[White "Dzagnidze, Nana"]
[Black "Kosintseva, Tatiana"]
[Result "0-1"]
[WhiteElo "2541"]
[BlackElo "2476"]
[EventDate "2014.07.06"]
[PlyCount "52"]

1.d4 Nf6 2.c4 g6 3.Nc3 Bg7 4.e4 d6 5.Be2 O-O 6.Nf3 e5 7.O-O Nc6 8.d5 Ne7 
9.Ne1 Ne8 10.Be3 f5 11.f3 f4 12.Bf2 g5 13.c5 Ng6 14.cxd6 cxd6 15.Nc2 Nf6 
16.Na3 h5 17.Nc4 g4 18.fxg4 hxg4 19.Nb5 g3 20.hxg3 Nxe4 21.gxf4 Nxf4 22.
Bf3 Qg5 23.Be3 Nh3+ 24.Kh2 Qg3+ 25.Kh1 Qh4 26.gxh3 Bxh3 0-1

[Event "15th EUR-ch (w)"]
[Site "Plovdiv BUL"]
[Date "2014.07.12"]
[Round "7.4"]
[White "Khurtsidze, Nino"]
[Black "Girya, Olga"]
[Result "0-1"]
[WhiteElo "2460"]
[BlackElo "2493"]
[EventDate "2014.07.06"]
[PlyCount "102"]

1.Nf3 d5 2.e3 Nf6 3.c4 c6 4.Nc3 a6 5.d4 Bf5 6.cxd5 cxd5 7.Ne5 Nc6 8.g4 
Nxe5 9.gxf5 Nc6 10.Bg2 g6 11.Qf3 gxf5 12.Nxd5 Nxd5 13.Qxd5 Qxd5 14.Bxd5 
Nb4 15.Bb3 e6 16.Ke2 Rg8 17.Bd2 Kd7 18.a3 Nd5 19.Bxd5 exd5 20.Kf3 Bd6 21.
Bb4 Bc7 22.a4 Rg6 23.Rac1 a5 24.Ba3 b6 25.Be7 Re8 26.Bh4 Re4 27.Bg3 f4 28.
Rxc7+ Kxc7 29.Bxf4+ Kd7 30.b4 axb4 31.Rb1 Re8 32.Rxb4 Ra8 33.Ke2 Rc6 34.
Kd3 f5 35.f3 Rac8 36.Rb5 Rc3+ 37.Kd2 Rc2+ 38.Kd1 Rc1+ 39.Kd2 R8c2+ 40.Kd3 
Rc3+ 41.Kd2 R1c2+ 42.Kd1 Kc6 43.e4 Ra2 44.exd5+ Kb7 45.Bg3 f4 46.Be1 Ra1+ 
47.Kd2 Re3 48.Bh4 Ra2+ 49.Kd1 Rxh2 50.Bd8 Rd3+ 51.Kc1 Rxf3 0-1

[Event "15th EUR-ch (w)"]
[Site "Plovdiv BUL"]
[Date "2014.07.12"]
[Round "7.5"]
[White "Kashlinskaya, Alina"]
[Black "Hoang Thanh Trang"]
[Result "1/2-1/2"]
[WhiteElo "2441"]
[BlackElo "2490"]
[EventDate "2014.07.06"]
[PlyCount "82"]

1.Nf3 e6 2.d4 f5 3.g3 Nf6 4.Bg2 d5 5.O-O Bd6 6.c4 c6 7.b3 Qe7 8.Bb2 O-O 9.
Ne5 b6 10.cxd5 exd5 11.Qc2 Be6 12.Nd2 Rc8 13.Rac1 a5 14.Qb1 a4 15.f3 axb3 
16.axb3 Bb4 17.Rfd1 Ra7 18.e4 fxe4 19.fxe4 Rac7 20.exd5 Bxd5 21.Ne4 Nbd7 
22.Rf1 Nxe4 23.Bxe4 Nf6 24.Bxd5+ cxd5 25.Qf5 Qe8 26.g4 h6 27.h4 Bc3 28.
Bxc3 Rxc3 29.Rxc3 Rxc3 30.g5 hxg5 31.hxg5 Qh5 32.Qe6+ Kh7 33.Qf5+ Kg8 34.
Qe6+ Kh8 35.Nf7+ Kh7 36.gxf6 Rg3+ 37.Kf2 Qf3+ 38.Ke1 Qc3+ 39.Kf2 Qf3+ 40.
Ke1 Qc3+ 41.Kf2 Qf3+ 1/2-1/2

[Event "15th EUR-ch (w)"]
[Site "Plovdiv BUL"]
[Date "2014.07.12"]
[Round "7.6"]
[White "Stefanova, Antoaneta"]
[Black "Melia, Salome"]
[Result "0-1"]
[WhiteElo "2488"]
[BlackElo "2454"]
[EventDate "2014.07.06"]
[PlyCount "128"]

1.Nf3 Nf6 2.g3 d5 3.Bg2 e6 4.O-O Be7 5.d3 c5 6.Nbd2 Nc6 7.e4 O-O 8.Re1 b5 
9.e5 Ne8 10.h4 Nc7 11.Nf1 f5 12.exf6 Bxf6 13.N3h2 Qd6 14.Ng4 Bd7 15.Nxf6+ 
Rxf6 16.Nh2 e5 17.Ng4 Bxg4 18.Qxg4 Raf8 19.f4 Ne6 20.Qf3 Rd8 21.Qh5 exf4 
22.gxf4 Ncd4 23.Re5 g6 24.Qd1 Nxf4 25.Bxf4 Rxf4 26.Rxd5 Qe7 27.Rxd8+ Qxd8 
28.Qe1 Nxc2 29.Qe6+ Kg7 30.Qe5+ Qf6 31.Qxf6+ Kxf6 32.Rc1 Nd4 33.Bf1 Nf3+ 
34.Kg2 Nxh4+ 35.Kg3 g5 36.Be2 Nf5+ 37.Kg2 Nd4 38.Bh5 Ne6 39.Bf3 Rd4 40.Be4
h5 41.Kf2 Ke5 42.Ke3 c4 43.Bh7 g4 44.b3 Rd7 45.Be4 cxd3 46.Bxd3 Rc7 47.Rf1
Rc3 48.Kd2 Rc5 49.b4 Rd5 50.Rf5+ Kd4 51.Rxd5+ Kxd5 52.Bxb5 Ke4 53.Be8 h4 
54.Bd7 g3 55.Ke1 Nf4 56.Kf1 Ke3 57.b5 g2+ 58.Kg1 Kf3 59.Bc6+ Kg3 60.Bxg2 
Nxg2 61.a4 h3 62.a5 h2+ 63.Kh1 Ne3 64.b6 Ng4 0-1